| 000 | 00806cam a22002531 4500 | ||
|---|---|---|---|
| 001 | 33663 | ||
| 003 | BD-RjUL | ||
| 005 | 20211209052036.0 | ||
| 008 | 140510t19681957nyu b 001 0 eng | ||
| 035 | _a(BD-RjUL)33754 | ||
| 040 |
_aDLC _cDLC _dBD-RjUL _beng |
||
| 041 | 1 |
_aeng _hspa |
|
| 082 | 0 | 0 |
_a109 _bMOM 1968 |
| 100 | 1 |
_aMora, José Ferrater, _d1912-1991. _9102211 |
|
| 245 | 1 | 0 |
_aMan at the crossroads / _cTranslated from the Spanish by Willard R. Trask. |
| 260 |
_aNew York : _bGreenwood Press, _cc1957 [Reprinted 1968]. |
||
| 300 |
_avi, 252 p. ; _c23 cm. |
||
| 500 | _aTranslation of El hombre en la encrucijada. | ||
| 504 | _aIncludes bibliographical references and index. | ||
| 650 | 0 |
_aPhilosophy _xHistory. _9102212 |
|
| 942 |
_2ddc _cBK |
||
| 999 |
_c33663 _d33663 |
||